[Event "GER-chT U16"]
[Site "Magdeburg"]
[Date "2023.12.28"]
[Round "3.9"]
[White "Laux, Filip"]
[Black "Aravindan, Midhulan"]
[Result "0-1"]
[WhiteElo "1589"]
[BlackElo "1704"]
[PlyCount "74"]
[EventDate "2023.12.26"]
[EventType "team-swiss"]
[EventRounds "7"]
[EventCountry "GER"]
[SourceTitle "CB03_2024"]
[SourceDate "2024.01.17"]
[SourceVersion "1"]
[SourceVersionDate "2024.01.17"]
[SourceQuality "1"]
[WhiteTeam "Offenbach"]
[BlackTeam "Porz SG"]
[WhiteTeamCountry "GER"]
[BlackTeamCountry "GER"]

1. e4 e6 2. d3 d5 3. Nd2 c5 4. g3 g6 5. Bg2 Bg7 6. Ngf3 Nc6 7. c3 h6 8. 0-0 Nge7 9. Re1 b6 10. Nf1 Bb7 11. Ne3 0-0 12. h4 Rc8 13. Ng4 Kh7 14. Qd2 dxe4 15. dxe4 Qxd2 16. Bxd2 e5 17. Rad1 Rcd8 18. Bc1 Ba6 19. Ne3 f5 20. Rxd8 Rxd8 21. exf5 gxf5 22. Nd2 Bd3 23. Bf1 e4 24. Rd1 Ne5 25. Kg2 Bf6 26. Ndc4 Nxc4 27. Nxc4 b5 28. Ne3 c4 29. f3 Rg8 30. Kf2 f4 31. Ng4 fxg3+ 32. Kg2 exf3+ 33. Kxf3 Bxh4 34. Bxh6 Bf5 35. Rd4 Nc6 36. Rf4 Bxg4+ 37. Rxg4 Ne5+ 0-1

[Event "GER-ch U12"]
[Site "Willingen"]
[Date "2020.10.28"]
[Round "3"]
[White "Aravindan, Midhulan"]
[Black "Krueger, Arthur"]
[Result "0-1"]
[WhiteElo "1565"]
[BlackElo "1704"]
[PlyCount "90"]
[EventDate "2020.10.26"]
[EventType "swiss"]
[EventRounds "7"]
[EventCountry "GER"]
[SourceTitle "CBM 199 Extra"]
[Source "ChessBase"]
[SourceDate "2021.01.31"]
[SourceVersion "1"]
[SourceVersionDate "2021.01.31"]
[SourceQuality "1"]

1. e4 e6 2. d4 d5 3. exd5 exd5 4. Bd3 Nf6 5. Nf3 c5 6. Qe2+ Qe7 7. c3 Qxe2+ 8. Bxe2 Nc6 9. Bf4 Bf5 10. Nbd2 cxd4 11. Nxd4 Nxd4 12. cxd4 Bb4 13. a3 Ba5 14. 0-0 0-0 15. b4 Bb6 16. Nb3 Rfe8 17. Bf3 Be4 18. Bxe4 Rxe4 19. Be5 Nd7 20. Rfe1 Nxe5 21. Rxe4 dxe4 22. dxe5 Re8 23. Nc5 Bxc5 24. bxc5 Rxe5 25. Rc1 Rd5 26. Kf1 g6 27. Ke2 Rd3 28. Rb1 b6 29. cxb6 axb6 30. f3 Rxa3 31. fxe4 Ra6 32. h4 Kf8 33. Ke3 Ke7 34. g4 Ke6 35. Kf4 h6 36. Rb5 Kf6 37. Rd5 Ke6 38. Rb5 Kd6 39. Rd5+ Kc6 40. Ke5 Ra5 41. Kf6 Rxd5 42. exd5+ Kxd5 43. Kxf7 g5 44. Kg6 gxh4 45. Kxh6 h3 0-1

[Event "Heusenstamm Sparkassen op-B 5th"]
[Site "Heusenstamm"]
[Date "2018.11.24"]
[Round "4"]
[White "Fuchs, Andreas1111"]
[Black "Aravindan, Midhulan"]
[Result "1/2-1/2"]
[WhiteElo "1661"]
[BlackElo "1407"]
[PlyCount "89"]
[EventDate "2018.11.22"]
[EventType "swiss"]
[EventRounds "7"]
[EventCountry "GER"]
[SourceTitle "CBM 187 Extra"]
[Source "ChessBase"]
[SourceDate "2018.11.04"]
[SourceVersion "1"]
[SourceVersionDate "2018.11.04"]
[SourceQuality "1"]

1. e4 e6 2. d4 d5 3. Nc3 Nf6 4. Bg5 Be7 5. e5 Nfd7 6. h4 h6 7. Bxe7 Qxe7 8. Nf3 a6 9. Qd2 c5 10. dxc5 Nxc5 11. 0-0-0 Nc6 12. g4 Bd7 13. Bg2 0-0-0 14. Rhe1 f6 15. exf6 Qxf6 16. g5 hxg5 17. hxg5 Qf5 18. Qe3 b6 19. a3 Kc7 20. b4 Nb7 21. b5 d4 22. Nxd4 Nxd4 23. Rxd4 axb5 24. Bxb7 Kxb7 25. Qe4+ Qxe4 26. Rdxe4 Rh2 27. f4 Rh3 28. Kb2 Kc6 29. Rd1 Rhh8 30. Red4 Kc7 31. Kb3 Bc6 32. Rxd8 Rxd8 33. Rxd8 Kxd8 34. Kb4 Kd7 35. Nxb5 Be4 36. c4 Kc6 37. Nd4+ Kd6 38. Kb5 Bd3 39. Nf3 Kc7 40. Ne5 Bc2 41. Nf3 Bg6 42. Nd4 Be8+ 43. Ka6 Bd7 44. Nb5+ Kc6 45. Ka7 1/2-1/2

[Event "Bad Soden U10 op 5th"]
[Site "Bad Soden"]
[Date "2018.10.01"]
[Round "3"]
[White "Aravindan, Midhulan"]
[Black "Fischer, Juliane"]
[Result "1-0"]
[WhiteElo "1407"]
[BlackElo "899"]
[PlyCount "95"]
[EventDate "2018.09.30"]
[EventType "swiss"]
[EventRounds "9"]
[EventCountry "GER"]
[SourceTitle "EXT 2020"]
[Source "ChessBase"]
[SourceDate "2019.10.17"]
[SourceVersion "1"]
[SourceVersionDate "2019.10.17"]
[SourceQuality "1"]

1. e4 e5 2. Nf3 Nc6 3. Bb5 a6 4. Bxc6 dxc6 5. d3 Bd6 6. 0-0 Nf6 7. Bg5 Bg4 8. h3 Bh5 9. Nbd2 Qe7 10. Nc4 0-0-0 11. Ne3 g6 12. g4 h6 13. Bxf6 Qxf6 14. gxh5 gxh5 15. Kh1 Bc5 16. Nf5 Rhg8 17. N3h4 Rg5 18. Qf3 Kb8 19. Rg1 Rxg1+ 20. Rxg1 Qe6 21. a3 Qa2 22. Nxh6 Qxb2 23. Qe2 Rh8 24. N4f5 f6 25. Ng8 Qa2 26. Nxf6 h4 27. Nd7+ Kc8 28. Nxc5 Qxa3 29. Ne6 a5 30. Rg7 Kb8 31. Rxc7 Qc1+ 32. Kh2 Rg8 33. Rg7 Re8 34. Nc5 Qf4+ 35. Kh1 Qc1+ 36. Rg1 Qa3 37. Qh5 Rd8 38. Qxh4 Rd4 39. Nxd4 Qxc5 40. Qd8+ Ka7 41. Ra1 Qc3 42. Rxa5+ Qxa5 43. Qxa5+ Kb8 44. Ne6 c5 45. Qd8+ Ka7 46. Nxc5 b6 47. Qc7+ Ka8 48. Qb7# 1-0

[Event "GER-ch U10"]
[Site "Willingen"]
[Date "2018.05.21"]
[Round "4"]
[White "Poschadel, Andreas Gregor"]
[Black "Aravindan, Midhulan"]
[Result "1-0"]
[WhiteElo "1762"]
[BlackElo "1412"]
[PlyCount "73"]
[EventDate "2018.05.19"]
[EventType "swiss"]
[EventRounds "11"]
[EventCountry "GER"]
[SourceTitle "CBM 184 Extra"]
[Source "ChessBase"]
[SourceDate "2018.06.28"]
[SourceVersion "1"]
[SourceVersionDate "2018.06.28"]
[SourceQuality "1"]

1. e4 d5 2. exd5 Qxd5 3. Nc3 Qa5 4. d4 Nf6 5. Nf3 Bf5 6. Bd3 Bg4 7. h3 Bxf3 8. Qxf3 c6 9. 0-0 e6 10. Ne2 Be7 11. b3 Nbd7 12. Bb2 Qc7 13. a4 0-0 14. Rae1 Rad8 15. Ng3 c5 16. Ne4 b6 17. Bc4 Nxe4 18. Rxe4 Nf6 19. Rf4 Qc8 20. dxc5 Qxc5 21. Re1 Qc8 22. Qg3 Ne8 23. Rg4 g6 24. Rf4 Bd6 25. Qc3 e5 26. Rxe5 Bc5 27. Rxe8 Rd1+ 28. Kh2 Bd4 29. Bxf7+ Kg7 30. Qxc8 Bxb2 31. Rxf8 Be5 32. Rg8+ Kh6 33. Qg4 Bxf4+ 34. Qxf4+ Kh5 35. Bxg6+ hxg6 36. Qg4+ Kh6 37. Qxg6# 1-0

[Event "GER-ch U10"]
[Site "Willingen"]
[Date "2018.05.20"]
[Round "1"]
[White "Aravindan, Midhulan"]
[Black "Hubert, Nikita"]
[Result "1-0"]
[WhiteElo "1412"]
[BlackElo "1122"]
[PlyCount "77"]
[EventDate "2018.05.19"]
[EventType "swiss"]
[EventRounds "11"]
[EventCountry "GER"]
[SourceTitle "CBM 184 Extra"]
[Source "ChessBase"]
[SourceDate "2018.06.28"]
[SourceVersion "1"]
[SourceVersionDate "2018.06.28"]
[SourceQuality "1"]

1. e4 e5 2. Nf3 Nc6 3. Bb5 Nf6 4. d3 d6 5. 0-0 Bg4 6. h3 Bh5 7. Bg5 h6 8. Bh4 g5 9. Bg3 g4 10. hxg4 Bxg4 11. Nbd2 Qd7 12. Qe1 0-0-0 13. Qe3 Be7 14. Rfc1 Bxf3 15. Nxf3 Ng4 16. Bxc6 Qxc6 17. Qxa7 b6 18. Qa6+ Kd7 19. Qc4 Qxc4 20. dxc4 h5 21. Rd1 Kc8 22. Bh4 f6 23. a4 Nh6 24. a5 bxa5 25. Rxa5 Kd7 26. b4 Ke6 27. Nd2 Ng4 28. Rda1 Rc8 29. Nb1 c6 30. Nc3 Rhd8 31. f3 Ne3 32. R5a2 Nxc4 33. Ne2 Nb6 34. Ng3 Rh8 35. Nf5 Bf8 36. Bf2 c5 37. Rd1 d5 38. Ra6 dxe4 39. fxe4 1-0